000 00281 a2200145 4500
001 177179
020 _a
040 _cMagnum
100 _aLima, Maria Luisa A.
240 1 0 _aPiratas
_lpor
245 1 0 _aPiratas
362 0 _a1899
697 _aMAGNITO: IJ/GERAL
942 _cBK
999 _c177179
_d177179